[Event "World Blitz 2025"]
[Site "Doha QAT"]
[Date "2025.12.30"]
[Round "18.97"]
[White "Alexakis, Dimitris"]
[Black "Davtyan, Artur"]
[Result "1-0"]
[WhiteTitle "GM"]
[BlackTitle "IM"]
[WhiteElo "2544"]
[BlackElo "2474"]
[WhiteFideId "4277023"]
[BlackFideId "13308327"]
[EventDate "2025.12.29"]

1. e4 e5 2. Nf3 Nc6 3. Bb5 a6 4. Ba4 d6 5. O-O Bd7 6. c3 Nf6 7. Re1 g6 8. d4 b5
9. Bc2 Bg7 10. h3 O-O 11. a3 Re8 12. Bg5 h6 13. Bh4 Qc8 14. Nbd2 Nh5 15. Nf1
exd4 16. cxd4 g5 17. Bg3 g4 18. d5 gxf3 19. dxc6 Bxc6 20. Qxf3 Nf6 21. Bh4 Nh7
22. Bb3 Qd7 23. Ng3 Re5 24. Nf5 Bxe4 25. Nxh6+ Bxh6 26. Rxe4 Rae8 27. Rg4+ Kf8
28. Qg3 Re1+ 29. Rxe1 Rxe1+ 30. Kh2 f6 31. Rg8+ Ke7 32. Rh8 Qf5 33. Qg8 Bf4+ 34.
Bg3 Bxg3+ 35. fxg3 1-0

[Event "World Blitz 2025"]
[Site "Doha QAT"]
[Date "2025.12.30"]
[Round "18.98"]
[White "Bai, Adelard"]
[Black "Lodici, Lorenzo"]
[Result "1-0"]
[WhiteTitle "IM"]
[BlackTitle "GM"]
[WhiteElo "2417"]
[BlackElo "2590"]
[WhiteFideId "16301188"]
[BlackFideId "884189"]
[EventDate "2025.12.29"]

1. d4 Nf6 2. Bg5 c5 3. d5 Ne4 4. Bf4 Qb6 5. Qc1 e6 6. c4 exd5 7. cxd5 Qb4+ 8.
Nc3 Bd6 9. Bxd6 Nxd6 10. a3 Qb6 11. Qe3+ Kf8 12. Rb1 Na6 13. Nf3 f6 14. Qd3 c4
15. Qc2 Nc5 16. e3 Kf7 17. Be2 Qb3 18. Qc1 Qb6 19. O-O Qc7 20. Nd4 a6 21. Qc2 b5
22. Rbd1 Bb7 23. f3 Rae8 24. e4 Re7 25. Kh1 Rhe8 26. Rfe1 Kg8 27. Qd2 Qb6 28.
Qf4 a5 29. h3 b4 30. axb4 axb4 31. Nb1 Ncxe4 32. fxe4 Rxe4 33. Qf2 Nb5 34. Bxc4
Nxd4 35. Nd2 Rxe1+ 36. Rxe1 Rxe1+ 37. Qxe1 Kf8 38. Qe4 g6 39. Qf4 Nf5 40. Qb8+
Kg7 41. Qe8 Qd6 42. Ne4 Qe7 43. Qxe7+ Nxe7 44. d6 Nf5 45. Nc5 Bc6 46. Nd3 Nxd6
47. Bb3 Bb5 48. Nxb4 Nc4 49. Bxc4 Bxc4 50. Kg1 Kf7 51. Kf2 Ke6 52. g3 Ke5 53.
Ke3 g5 54. h4 h5 55. Nc2 Kf5 56. Kd4 Bb3 57. Ne3+ Ke6 58. Kc3 Ba4 59. Kd4 Bb5
60. b4 Be2 61. Ke4 Ba6 62. Kd4 d6 63. Ke4 Bb7+ 64. Kd4 gxh4 65. gxh4 f5 66. Nc4
f4 67. b5 Kd7 68. Na5 Bh1 69. Nc4 Kc7 70. Nb2 Bb7 71. Nd3 f3 72. Ke3 Kb6 73. Nf4
Kxb5 74. Nxh5 Kc4 75. Nf6 Kc3 76. h5 d5 77. h6 d4+ 78. Kf2 d3 79. h7 d2 80. Ne4+
Bxe4 81. h8=Q+ Kc2 82. Qc8+ Kd3 83. Qa6+ Kc3 84. Qa3+ Kc2 85. Qa4+ Kc3 86. Ke3
f2 87. Qd4+ Kb3 88. Qb6+ Kc2 89. Qc5+ Kb3 90. Qb5+ Kc3 91. Qa5+ Kb3 92. Qb5+ Kc3
93. Qe5+ Kb3 94. Qe6+ Kc3 95. Qe5+ Kb3 96. Qa1 Kc2 97. Qa4+ Kb2 98. Qd4+ Kb3 99.
Kxf2 Kc2 100. Qxe4+ Kc1 101. Qc4+ Kd1 102. Ke3 Ke1 103. Qe2# 1-0

[Event "World Blitz 2025"]
[Site "Doha QAT"]
[Date "2025.12.30"]
[Round "18.99"]
[White "Ganguly, Surya Shekhar"]
[Black "Bilguun, Sumiya"]
[Result "1-0"]
[WhiteTitle "GM"]
[BlackTitle "GM"]
[WhiteElo "2568"]
[BlackElo "2442"]
[WhiteFideId "5002150"]
[BlackFideId "4901541"]
[EventDate "2025.12.29"]

1. Nf3 d5 2. e3 Nd7 3. c4 e6 4. Nc3 Ngf6 5. b3 c6 6. Bb2 a6 7. d4 Bd6 8. Bd3 Qe7
9. O-O e5 10. dxe5 Nxe5 11. cxd5 Nxf3+ 12. gxf3 Bh3 13. Re1 Nxd5 14. f4 Nf6 15.
Qf3 Bg4 16. Qg2 h5 17. Ne4 O-O-O 18. f3 Bc7 19. Rad1 Nxe4 20. fxg4 Nc5 21. Bf5+
Kb8 22. Rxd8+ Rxd8 23. gxh5 Bxf4 24. Bxg7 Qh4 25. Rf1 Bxe3+ 26. Kh1 Ka7 27. Qg3
Qxg3 28. hxg3 Bg5 29. g4 Ne6 30. Bxe6 fxe6 31. h6 Rd3 32. Kg2 Bxh6 33. Bxh6 a5
34. g5 Rd4 35. Kg3 e5 36. g6 Rd6 37. g7 Rg6+ 38. Kf2 e4 39. Rg1 Rf6+ 40. Ke2
Rxh6 41. g8=Q 1-0

[Event "World Blitz 2025"]
[Site "Doha QAT"]
[Date "2025.12.30"]
[Round "18.100"]
[White "Nurgaliyev, Sauat"]
[Black "Sahidi, Samir"]
[Result "1-0"]
[WhiteTitle "IM"]
[BlackTitle "IM"]
[WhiteElo "2437"]
[BlackElo "2516"]
[WhiteFideId "13726285"]
[BlackFideId "14936372"]
[EventDate "2025.12.29"]

1. e4 e5 2. Nf3 Nf6 3. Nc3 Nc6 4. d4 exd4 5. Nxd4 Bb4 6. Nxc6 bxc6 7. Bd3 d5 8.
Bd2 O-O 9. O-O Bxc3 10. Bxc3 dxe4 11. Bxf6 Qxf6 12. Bxe4 Ba6 13. Re1 Qxb2 14.
Rb1 Qf6 15. Qh5 g6 16. Qc5 Qd6 17. Qxd6 cxd6 18. Bxc6 Rab8 19. Bd5 Rxb1 20. Rxb1
Rc8 21. Bb3 Bc4 22. Rd1 Bxb3 23. cxb3 Kf8 24. f3 Ke7 25. Rd2 Ke6 26. Kf2 d5 27.
Ke3 Kd6 28. Kd3 Rc1 29. g3 Kc5 30. f4 f5 31. Re2 Rd1+ 32. Kc2 Rh1 33. Kd3 a5 34.
Rd2 d4 35. Re2 Rd1+ 36. Kc2 Rf1 37. Re5+ Kb4 38. a3+ Kxa3 39. Rxa5+ Kb4 40. Ra4+
Kc5 41. Ra5+ Kc6 42. Kd3 Rd1+ 43. Kc4 d3 44. Ra6+ Kc7 45. Ra2 d2 46. Kc3 Rc1+
47. Kxd2 Rh1 48. Kc3 Kc6 49. Kb4 Kd5 50. Kb5 Ke4 51. b4 Kf3 52. Ka6 h5 53. Ra3+
Kg4 54. h4 Rg1 55. b5 Rxg3 56. Rxg3+ Kxg3 57. b6 Kxh4 58. b7 Kg3 59. b8=Q h4 60.
Qd6 h3 61. Qxg6+ Kxf4 62. Qh5 Kg3 63. Qg5+ Kh2 64. Qxf5 Kg2 65. Qg4+ Kh2 66. Kb5 1-0

[Event "World Blitz 2025"]
[Site "Doha QAT"]
[Date "2025.12.30"]
[Round "18.101"]
[White "Halkias, Stelios"]
[Black "Altini, Nicola"]
[Result "1-0"]
[WhiteTitle "GM"]
[BlackTitle "IM"]
[WhiteElo "2503"]
[BlackElo "2360"]
[WhiteFideId "4201809"]
[BlackFideId "833924"]
[EventDate "2025.12.29"]

1. Nf3 d5 2. d4 Nf6 3. c4 e6 4. g3 Bb4+ 5. Bd2 a5 6. Bg2 O-O 7. O-O dxc4 8. Qc1
b5 9. a4 Bxd2 10. Nbxd2 c6 11. b3 cxb3 12. Nxb3 Ba6 13. Nc5 bxa4 14. Nxa6 Rxa6
15. Rxa4 Nd5 16. Ne5 Nb4 17. Qc4 Qb6 18. Rfa1 Rc8 19. e3 g6 20. Qc5 Qxc5 21.
dxc5 f6 22. Nc4 Nd3 23. Rxa5 Nxc5 24. Bf1 Rxa5 25. Rxa5 Ncd7 26. Nd6 Rd8 27. Nb7
Rf8 28. Bc4 Kf7 29. Ra7 Ke7 30. Nc5 Kd6 31. Nxe6 Re8 32. Nd4 Ne5 33. Be2 Re7 34.
Ra1 Rb7 35. Rd1 Ke7 36. Rc1 Kd6 37. Kf1 f5 38. h3 h5 39. f4 Ned7 40. Rd1 Ke7 41.
Bf3 Rc7 42. Rc1 Kd6 43. Ke2 Nf6 44. Rb1 Nbd7 45. Rd1 Ke7 46. Nxc6+ Kf8 47. Nd4
Ra7 48. Rd2 Nc5 49. Rc2 Nfe4 50. g4 hxg4 51. hxg4 Ra1 52. gxf5 gxf5 53. Bxe4
Nxe4 54. Nxf5 Rh1 55. Kf3 Nf6 56. Rg2 Rf1+ 57. Ke2 Ra1 58. Rg6 Ne4 59. Kf3 Nd2+
60. Kg2 Nc4 61. Rc6 Nd2 62. Rc2 Ne4 63. Kf3 Nf6 64. Ng3 Ra3 65. Rc6 Nd5 66. Nf5
Kf7 67. Rd6 Nb4 68. Ke4 Nc2 69. Rd3 Ra4+ 70. Ke5 Nb4 71. Rd7+ Ke8 72. Rd6 Kf7
73. e4 Ra5+ 74. Kd4 Nc2+ 75. Kd3 Nb4+ 76. Ke3 Ra3+ 77. Kd4 Nd3 78. Nh6+ Ke7 79.
Nf5+ Kf7 80. Ke3 Ne5+ 81. Ke2 Nc4 82. Rd3 Ra2+ 83. Kf3 Nd2+ 84. Ke3 Nc4+ 85. Kd4
Nd2 86. Ng3 Ra4+ 87. Ke3 Nc4+ 88. Kf3 Ra2 89. e5 Nd2+ 90. Kg4 Nc4 91. Kf5 Ra5
92. Ne4 Ke7 93. Nf6 Ra1 94. Rd7+ Kf8 95. e6 Ne3+ 96. Ke4 Ra4+ 97. Kxe3 Ra3+ 98.
Rd3 Ra5 99. Nd5 1-0

[Event "World Blitz 2025"]
[Site "Doha QAT"]
[Date "2025.12.30"]
[Round "18.102"]
[White "Shogdzhiev, Roman"]
[Black "Cunha, Lucas Aguiar"]
[Result "1-0"]
[WhiteTitle "IM"]
[BlackTitle "FM"]
[WhiteElo "2403"]
[BlackElo "2263"]
[WhiteFideId "55653537"]
[BlackFideId "2125404"]
[EventDate "2025.12.29"]

1. Nf3 Nf6 2. b3 g6 3. Bb2 Bg7 4. c4 c5 5. g3 O-O 6. Bg2 Nc6 7. O-O d6 8. d4
cxd4 9. Nxd4 Bd7 10. Nc3 Qa5 11. Nc2 Rfc8 12. e4 Nxe4 13. Bxe4 Bxc3 14. Bxc3
Qxc3 15. Ne3 Rab8 16. Re1 Qd4 17. Bxc6 Qxd1 18. Nxd1 Bxc6 19. Rxe7 Kf8 20. Re1
d5 21. cxd5 Bxd5 22. Ne3 Be6 23. Rac1 h5 24. f4 Rxc1 25. Rxc1 Ke7 26. Kf2 a5 27.
Rc5 b6 28. Rb5 Bd7 29. Rxb6 Rxb6 30. Nd5+ Kd6 31. Nxb6 Be6 32. Na4 Kd5 33. Ke3
Bd7 34. Nb6+ Kd6 35. Nxd7 Kd5 1-0

[Event "World Blitz 2025"]
[Site "Doha QAT"]
[Date "2025.12.30"]
[Round "18.103"]
[White "Balakrishnan, Praveen"]
[Black "Kuandykuly, Danis"]
[Result "1-0"]
[WhiteTitle "GM"]
[BlackTitle "FM"]
[WhiteElo "2507"]
[BlackElo "2372"]
[WhiteFideId "2064871"]
[BlackFideId "13752260"]
[EventDate "2025.12.29"]

1. e4 e5 2. Nf3 Nc6 3. Bb5 f5 4. d3 fxe4 5. dxe4 Nf6 6. O-O d6 7. Bc4 Bg4 8. h3
Bh5 9. Nc3 Qd7 10. Nd5 O-O-O 11. Qd3 Kb8 12. a4 Bg6 13. Re1 Nxd5 14. Qxd5 Nb4
15. Qd2 a5 16. c3 Nc6 17. Bb5 Be7 18. b4 Rhf8 19. Qe3 Bh5 20. Be2 axb4 21. cxb4
Bxf3 22. Bxf3 Nd4 23. Bg4 Qe8 24. Qd3 Qf7 25. Be3 h5 26. Bd1 Bg5 27. Bxd4 exd4
28. Bf3 Qg6 29. a5 Be3 30. Kf1 Rxf3 31. gxf3 Bf4 32. Ke2 Qe6 33. a6 b6 34. Qc2
Qd7 35. a7+ Kb7 36. Qc4 Ra8 37. Qa6+ Kc6 38. b5+ Kc5 39. Qa3+ Kxb5 40. Qa4+ 1-0

[Event "World Blitz 2025"]
[Site "Doha QAT"]
[Date "2025.12.30"]
[Round "18.104"]
[White "Ibarra Jerez, Jose Carlos"]
[Black "Ibrahimli, Murad"]
[Result "1/2-1/2"]
[WhiteTitle "GM"]
[BlackTitle "IM"]
[WhiteElo "2532"]
[BlackElo "2438"]
[WhiteFideId "2226332"]
[BlackFideId "13410229"]
[EventDate "2025.12.29"]

1. Nf3 d5 2. g3 Nc6 3. d4 Bf5 4. Bg2 Nb4 5. Na3 e6 6. O-O Nf6 7. c3 Nc6 8. Qb3
Rb8 9. c4 Be7 10. Bf4 O-O 11. Nb5 Rc8 12. cxd5 exd5 13. Ne5 Na5 14. Qd1 c6 15.
Nc3 b5 16. b3 Qb6 17. h3 Rfd8 18. g4 Be6 19. e3 c5 20. dxc5 Bxc5 21. Ne2 Ne4 22.
Nd3 Ba3 23. Nd4 Nc6 24. Nxe6 fxe6 25. Qe2 Nc3 26. Qe1 b4 27. f3 Qb5 28. Qd2 Re8
29. Ne5 Ne2+ 30. Kh2 Nxf4 31. exf4 Nxe5 32. fxe5 Rc3 33. f4 Qd3 34. Qxd3 Rxd3
35. Rad1 Rxd1 36. Rxd1 Kf8 37. Rd2 Bc1 38. Rf2 Be3 39. Rf1 Ke7 40. Kg3 Rc8 41.
f5 Rc3 42. Bf3 Bd4 43. Re1 Rc2 44. Re2 Rxe2 45. Bxe2 Bxe5+ 46. Kf3 exf5 47. gxf5
Kf6 48. Bd3 Kg5 49. Bb5 h6 50. Bc6 d4 51. Be4 Kh4 52. Kg2 Bf6 53. Bd3 1/2-1/2

[Event "World Blitz 2025"]
[Site "Doha QAT"]
[Date "2025.12.30"]
[Round "18.105"]
[White "Wafa, Hamed"]
[Black "Volokitin, Andrei"]
[Result "0-1"]
[WhiteTitle "IM"]
[BlackTitle "GM"]
[WhiteElo "2373"]
[BlackElo "2619"]
[WhiteFideId "10628452"]
[BlackFideId "14107090"]
[EventDate "2025.12.29"]

1. c4 Nf6 2. g3 c6 3. Bg2 d5 4. Nf3 dxc4 5. O-O Nbd7 6. Qc2 Nb6 7. Na3 Be6 8.
Ne5 h5 9. Naxc4 Nxc4 10. Nxc4 h4 11. Ne5 hxg3 12. hxg3 Nd7 13. Nf3 Qa5 14. d4
Qh5 15. Re1 Bh3 16. Nh4 Bxg2 17. Kxg2 g5 18. Nf5 e6 19. Ne3 g4 20. Nxg4 Qxg4 21.
Bf4 O-O-O 22. f3 Qh3+ 23. Kf2 Bg7 24. Qa4 Nb6 0-1

[Event "World Blitz 2025"]
[Site "Doha QAT"]
[Date "2025.12.30"]
[Round "18.106"]
[White "Suleymenov, Alisher"]
[Black "Can, Emre"]
[Result "0-1"]
[WhiteTitle "GM"]
[BlackTitle "GM"]
[WhiteElo "2505"]
[BlackElo "2541"]
[WhiteFideId "13707833"]
[BlackFideId "6302181"]
[EventDate "2025.12.29"]

1. d4 g6 2. c4 Bg7 3. e4 d6 4. Nc3 c5 5. d5 Bxc3+ 6. bxc3 e5 7. f4 exf4 8. Bxf4
Qh4+ 9. g3 Qe7 10. Qe2 g5 11. Bd2 Nd7 12. Nf3 g4 13. Nh4 Ne5 14. Bg2 Bd7 15. O-O
O-O-O 16. a4 h5 17. a5 Nh6 18. Rab1 Kb8 19. Bf4 Ka8 20. Rb3 Bc8 21. Rfb1 Rde8
22. Qf1 Qc7 23. Qc1 Ng8 24. Bxe5 Rxe5 25. Qf4 Qe7 26. Nf5 Bxf5 27. Rxb7 Qxb7 28.
Rxb7 Kxb7 29. exf5 Nf6 30. Qc1 Kc7 31. a6 Rhe8 32. Qb2 Re1+ 33. Bf1 Rb8 34. Qa2
Rbb1 35. Qa5+ Kc8 36. Qa4 Rxf1+ 37. Kg2 Nd7 38. Qc6+ Kd8 39. Qxd6 Rfc1 40. Kf2
Rxc3 41. Ke2 Rb2+ 42. Kd1 Rf3 43. Kc1 Rxh2 0-1

[Event "World Blitz 2025"]
[Site "Doha QAT"]
[Date "2025.12.30"]
[Round "18.107"]
[White "Medhus, Vitus Bondo"]
[Black "Rakotomaharo, Fy Antenaina"]
[Result "0-1"]
[WhiteTitle "FM"]
[BlackTitle "IM"]
[WhiteElo "2387"]
[BlackElo "2434"]
[WhiteFideId "1462547"]
[BlackFideId "13100050"]
[EventDate "2025.12.29"]

1. e4 g6 2. Nc3 Bg7 3. f4 c5 4. Nf3 Nc6 5. a3 e6 6. b4 d6 7. bxc5 dxc5 8. e5
Nge7 9. Ne4 O-O 10. Bb2 Nd5 11. g3 f5 12. exf6 Nxf6 13. Nxc5 Qb6 14. Na4 Qa5 15.
c4 e5 16. Nxe5 Nxe5 17. Bxe5 Bg4 18. Qc2 Rae8 19. Bg2 Bf5 20. Qb3 Rxe5+ 21. fxe5
Qxe5+ 22. Qe3 Qxa1+ 23. Ke2 Bg4+ 24. Kd3 Qxa3+ 25. Nc3 Rd8+ 26. Bd5+ Nxd5 27.
cxd5 Rxd5+ 28. Kc2 Bf5+ 29. Kd1 Bxc3 30. Qe8+ Kg7 0-1

[Event "World Blitz 2025"]
[Site "Doha QAT"]
[Date "2025.12.30"]
[Round "18.108"]
[White "Assylov, Miras"]
[Black "Harikrishnan, A. Ra"]
[Result "0-1"]
[WhiteTitle "FM"]
[BlackTitle "GM"]
[WhiteElo "2393"]
[BlackElo "2531"]
[WhiteFideId "13728873"]
[BlackFideId "5081483"]
[EventDate "2025.12.29"]

1. b3 d5 2. Bb2 Bf5 3. d3 e6 4. Nd2 Nf6 5. g3 h6 6. Bg2 Be7 7. e4 Bh7 8. Nh3 c6
9. O-O O-O 10. Qe2 a5 11. a3 Na6 12. Nf4 Nd7 13. Nh5 Nf6 14. Nf4 Nc7 15. h4 Nb5
16. e5 Nd7 17. Nf3 Qb6 18. g4 Qd8 19. h5 c5 20. c4 dxc4 21. dxc4 Na7 22. a4 Nc6
23. Qe3 Qc7 24. Ne2 Nb4 25. Rad1 Rad8 26. Nc3 Nc2 27. Qe2 Nd4 28. Nxd4 cxd4 29.
Nb5 Qxe5 30. Qf3 b6 31. Bxd4 Qb8 32. Rfe1 Nc5 33. Bb2 Nd3 34. Re2 Nxb2 35. Rxb2
Rxd1+ 36. Qxd1 Qf4 37. Rd2 Bc5 38. Kf1 Be4 39. Bxe4 Qxe4 40. Kg1 Qf4 41. Qe2
Qg3+ 42. Kh1 Qh3+ 43. Kg1 Qxb3 44. Rd7 Qxa4 45. Ra7 Qa1+ 46. Kg2 a4 47. Nc7 a3
48. Nb5 Qb2 49. Qd3 Qxf2+ 50. Kh3 a2 51. Nc3 Be7 52. Qe4 Bd6 0-1

[Event "World Blitz 2025"]
[Site "Doha QAT"]
[Date "2025.12.30"]
[Round "18.77"]
[White "Al Hosani, Omran"]
[Black "Galaviz Medina, Sion Radamantys"]
[Result "1/2-1/2"]
[WhiteTitle "IM"]
[BlackTitle "IM"]
[WhiteElo "2340"]
[BlackElo "2514"]
[WhiteFideId "9308733"]
[BlackFideId "5123119"]
[EventDate "2025.12.29"]

1. d4 d5 2. c4 e6 3. Nc3 Nf6 4. Nf3 dxc4 5. e3 a6 6. a4 Bb4 7. Bxc4 O-O 8. O-O
b6 9. Qe2 Bb7 10. Bd2 Nbd7 11. Rfd1 Qe7 12. Rac1 Rfd8 13. Bd3 c5 14. Bb1 cxd4
15. exd4 h6 16. Ne5 Nf8 17. Be3 N6d7 18. Ne4 f6 19. Nc6 Bxc6 20. Rxc6 f5 21. Ng3
Nf6 22. Bf4 Nd5 23. Be5 Qd7 24. Rdc1 Rac8 25. Qc4 Rxc6 26. Qxc6 Ng6 27. Qxd7
Rxd7 28. Rc8+ Kf7 29. Bb8 Bd6 30. Bxd6 Rxd6 31. h3 Nb4 32. Ne2 Ne7 33. Rc4 a5
34. Nc3 Rc6 35. Rxc6 Nexc6 36. d5 Ne5 37. dxe6+ Kxe6 38. Kf1 Nc4 39. b3 Nd2+ 40.
Ke2 Nxb3 41. Ke3 Nc5 42. Nb5 g5 43. Nd4+ Ke5 44. Nxf5 Nd5+ 45. Kd2 Nb3+ 46. Ke1
Nc3 47. Bc2 Nc5 48. Nxh6 N3xa4 49. Nf7+ Kf6 50. Nd6 Nc3 51. Kd2 Nd5 52. g3 a4
53. Nb5 Ke5 54. h4 gxh4 55. gxh4 Nf6 56. Kc3 Nd5+ 57. Kb2 Kf4 58. Ka3 Kf3 59.
Bxa4 Kxf2 60. Nd6 Nf6 61. Kb4 Kg3 62. Kb5 Kxh4 63. Bc2 Ne6 64. Kxb6 Nd4 65. Bd3
Kg4 66. Ne4 Nh5 67. Kc5 Ne6+ 68. Kd6 Nef4 69. Bc4 Kf3 70. Nc5 Ke3 71. Nd7 Ng3
72. Ne5 Ne4+ 73. Kc7 Kd4 74. Nf3+ Kxc4 75. Nd2+ Nxd2 76. Kd6 Kd4 77. Kc6 Nc4 78.
Kb5 Ne6 79. Kb4 Nc7 80. Kb3 Nd5 81. Ka4 Kc5 82. Kb3 Ncb6 83. Kc2 Kc4 84. Kd2 Na4
85. Ke2 Kc3 86. Kf3 Nc5 87. Kg4 Kd4 88. Kf5 Ne3+ 89. Kf4 Ne6+ 90. Kf3 Kd3 91.
Kg3 Ke4 92. Kf2 Nc4 93. Kg3 Nd2 94. Kg4 Nf1 95. Kh3 Kf3 96. Kh4 Kf4 97. Kh5 Kf5
98. Kh4 Ng5 99. Kh5 Ng3+ 100. Kh4 N3e4 101. Kh5 Nf3 102. Kh6 Kf6 103. Kh5 Nf2
104. Kh6 Ne1 105. Kh5 Ng2 106. Kh6 Nf4 107. Kh7 Kf7 108. Kh6 Ne4 109. Kh7 Ng5+
110. Kh6 Nge6 111. Kh7 Ne2 112. Kh6 Ng3 113. Kh7 Nf5 114. Kh8 Ne3 115. Kh7 Ng4
116. Kh8 Ne3 117. Kh7 Nf5 118. Kh8 Ke7 119. Kh7 Kf6 120. Kg8 Kg6 121. Kh8 Kf7
122. Kh7 Kf6 123. Kg8 Ng5 124. Kf8 Nd6 125. Kg8 Ne6 126. Kh7 Nf5 127. Kg8 Ke7
128. Kh7 Kf7 129. Kh8 Ke8 130. Kh7 Kf8 131. Kg6 Nd6 132. Kf6 Nc7 133. Ke5 Ke7
134. Kf4 Ke6 135. Ke3 Kd5 136. Kf4 Nc4 137. Kf5 Ne6 138. Kg4 Ke5 139. Kf3 Nd4+
140. Kg4 Ke4 141. Kg5 Ne5 142. Kf6 Kf4 143. Ke7 Nf5+ 144. Kd8 Ke4 145. Kc7 Kd5
146. Kb6 Nd4 147. Kc7 Nc4 148. Kd7 Nb5 149. Ke7 Ke5 150. Kd7 Na5 151. Ke7 Nd4
152. Kd7 Ne6 153. Ke7 Nc6+ 154. Kd7 Na7 155. Ke7 Nb5 156. Kd7 Ned4 157. Ke7 1/2-1/2

[Event "World Blitz 2025"]
[Site "Doha QAT"]
[Date "2025.12.30"]
[Round "18.78"]
[White "Gokerkan, Cem Kaan"]
[Black "Fandi, Mazen"]
[Result "1-0"]
[WhiteTitle "GM"]
[BlackTitle "FM"]
[WhiteElo "2510"]
[BlackElo "2304"]
[WhiteFideId "6336760"]
[BlackFideId "7611625"]
[EventDate "2025.12.29"]

1. e4 c6 2. d4 d5 3. e5 Bf5 4. h4 h5 5. c4 e6 6. Nc3 Ne7 7. Nf3 dxc4 8. Bxc4 Nd7
9. Bg5 Nb6 10. Bd3 Bxd3 11. Qxd3 Qd7 12. O-O Nbd5 13. Bxe7 Bxe7 14. Ne4 f6 15.
g3 O-O-O 16. Rac1 Kb8 17. a3 Rhf8 18. Kg2 Qc7 19. Qe2 fxe5 20. Nxe5 Rf5 21. Nd3
g5 22. hxg5 Bxg5 23. Nxg5 Rxg5 24. Rh1 Rdg8 25. Qf3 Qh7 26. Rh4 Rf5 27. Qe2 Qf7
28. Rch1 Rgg5 29. Re4 Rf6 30. Re5 Rxe5 31. Qxe5+ Kc8 32. Rxh5 Rg6 33. Rh8+ Rg8
34. Rxg8+ Qxg8 35. Nc5 Nc7 36. Qd6 b6 37. Ne4 Qg4 38. Qxc6 Kd8 39. Nf6 Qxd4 40.
Ne4 Qxb2 41. a4 Qe5 42. g4 Qd5 43. Qc2 Ne8 44. f3 Nd6 45. Ng3 Nc4 46. Qe2 e5 47.
Ne4 Qd4 48. g5 Ne3+ 49. Kg3 Nf5+ 50. Kg4 Ne3+ 51. Kh5 Nd5 52. Kh6 Nf4 53. Qb5
Ke7 54. Qc6 Qd5 55. Qf6+ Kd7 56. Qxf4 exf4 57. Nf6+ 1-0

[Event "World Blitz 2025"]
[Site "Doha QAT"]
[Date "2025.12.30"]
[Round "18.80"]
[White "Zhang, Zhong"]
[Black "Ezat, Mohamed"]
[Result "1-0"]
[WhiteTitle "GM"]
[BlackTitle "IM"]
[WhiteElo "2561"]
[BlackElo "2294"]
[WhiteFideId "8600694"]
[BlackFideId "10600906"]
[EventDate "2025.12.29"]

1. e4 e5 2. Nf3 Nc6 3. d4 exd4 4. Bc4 Nf6 5. e5 d5 6. Bb5 Ne4 7. Nxd4 Bc5 8. Be3
O-O 9. Nxc6 bxc6 10. Bxc5 Nxc5 11. Bxc6 Rb8 12. Qxd5 Qe7 13. O-O Rd8 14. Qf3 Ne6
15. Qa3 Qg5 16. Nc3 Nf4 17. g3 Bf5 18. h4 Qg6 19. Bf3 Ne6 20. Nd5 Rxd5 21. Bxd5
Nf4 22. Bf3 Bg4 23. Kh2 h5 24. gxf4 Qf5 25. Bxg4 hxg4 26. Kg3 Qxc2 27. Rac1 Qe2
28. Qe3 Qa6 1-0

[Event "World Blitz 2025"]
[Site "Doha QAT"]
[Date "2025.12.30"]
[Round "18.81"]
[White "Krallis, Christos"]
[Black "Tissir, Mohamed"]
[Result "1-0"]
[WhiteTitle "IM"]
[BlackTitle "IM"]
[WhiteElo "2416"]
[BlackElo "2293"]
[WhiteFideId "4298896"]
[BlackFideId "9000240"]
[EventDate "2025.12.29"]

1. e4 c5 2. Nf3 d6 3. d4 cxd4 4. Nxd4 Nf6 5. Nc3 e6 6. g4 a6 7. g5 Nfd7 8. Be3
b5 9. a3 Bb7 10. Bg2 Nc6 11. Qd2 Rc8 12. Nxc6 Bxc6 13. f4 Qc7 14. O-O-O Nb6 15.
Rhe1 Nc4 16. Qd4 Qb7 17. Bf2 h6 18. g6 fxg6 19. Nd5 Qf7 20. Bh3 Bd7 21. e5 dxe5
22. Qa7 exd5 23. Bxd7+ Qxd7 24. Qxa6 Be7 25. Qxg6+ Kf8 26. fxe5 Bg5+ 27. Kb1 Qf7
28. Qa6 Re8 29. Bc5+ Kg8 30. e6 Qf5 31. e7 Kh7 32. Qc6 Qf6 33. Qxf6 Bxf6 34. b3
Ne5 35. Rxd5 Ng6 36. Rd7 Kg8 37. Rb7 Kf7 38. Rf1 Nxe7 1-0

[Event "World Blitz 2025"]
[Site "Doha QAT"]
[Date "2025.12.30"]
[Round "18.82"]
[White "Sharan, Rao"]
[Black "Chanda, Sandipan"]
[Result "1/2-1/2"]
[WhiteTitle "IM"]
[BlackTitle "GM"]
[WhiteElo "2341"]
[BlackElo "2490"]
[WhiteFideId "5073464"]
[BlackFideId "5004225"]
[EventDate "2025.12.29"]

1. Nf3 e6 2. b3 b6 3. Bb2 Bb7 4. e3 f5 5. c4 Nf6 6. Nc3 Be7 7. Be2 O-O 8. O-O
Qe8 9. Ne1 Qg6 10. Bf3 Bxf3 11. Qxf3 Nc6 12. d4 Ne4 13. Rd1 Bf6 14. Nd3 Nxc3 15.
Bxc3 Qh6 16. Ne5 Bxe5 17. dxe5 Rf7 18. Rd2 g5 19. Rfd1 Qg7 20. Qg3 Raf8 21. f4
h6 22. b4 Qh7 23. b5 Nd8 24. Bb4 Re8 25. c5 Nb7 26. c6 dxc6 27. bxc6 Na5 28.
Bxa5 bxa5 29. Rd7 Rg7 30. Qf2 Qg6 31. g3 h5 32. Qc2 h4 33. Rxg7+ Qxg7 34. Rd7
Re7 35. Qd2 gxf4 36. exf4 hxg3 37. hxg3 Qxg3+ 38. Qg2 Qxg2+ 39. Kxg2 Kf7 40. Rd8
Re8 41. Rd7+ Re7 42. Rd8 Re8 43. Rd7+ Re7 44. Rd8 1/2-1/2

[Event "World Blitz 2025"]
[Site "Doha QAT"]
[Date "2025.12.30"]
[Round "18.83"]
[White "Khayat, Emad"]
[Black "Aditya, Mittal"]
[Result "0-1"]
[BlackTitle "GM"]
[WhiteElo "1927"]
[BlackElo "2624"]
[WhiteFideId "21518076"]
[BlackFideId "35042025"]
[EventDate "2025.12.29"]

1. d4 Nf6 2. Nf3 d5 3. c4 e6 4. g3 Bb4+ 5. Bd2 Be7 6. Bg2 O-O 7. O-O c6 8. Qb3
a5 9. Rd1 a4 10. Qc2 Nbd7 11. Bf4 Ne4 12. Nbd2 f5 13. h4 h6 14. Rac1 g5 15. hxg5
hxg5 16. Be3 Kg7 17. Nxe4 fxe4 18. Ne5 Bd6 19. f4 gxf4 20. Bxf4 Nxe5 21. dxe5
Bc5+ 22. e3 Rxf4 23. gxf4 Bxe3+ 24. Kf1 Qh4 25. Qe2 Qxf4+ 26. Qf3 exf3 0-1

[Event "World Blitz 2025"]
[Site "Doha QAT"]
[Date "2025.12.30"]
[Round "18.84"]
[White "Urkedal, Frode Olav Olsen"]
[Black "Anwoir, Tarik"]
[Result "1-0"]
[WhiteTitle "GM"]
[WhiteElo "2568"]
[BlackElo "2098"]
[WhiteFideId "1506102"]
[BlackFideId "9004904"]
[EventDate "2025.12.29"]

1. d4 Nf6 2. c4 c6 3. Nf3 d5 4. e3 Bg4 5. Nc3 e6 6. h3 Bh5 7. g4 Bg6 8. Ne5 Nbd7
9. Nxg6 hxg6 10. Bg2 Bb4 11. Qb3 Qa5 12. Bd2 Bxc3 13. bxc3 Qb6 14. cxd5 exd5 15.
c4 Qxb3 16. axb3 a6 17. Bb4 Nf8 18. Ke2 Ne6 19. Rhc1 Kd7 20. Ba5 Rac8 21. Bb6
Ng5 22. Rh1 Nge4 23. Rac1 g5 24. Rc2 Nd6 25. Rhc1 dxc4 26. bxc4 Nfe8 27. e4 f6
28. Rb1 Ra8 29. Ra1 Nc8 30. Bc5 Nc7 31. d5 cxd5 32. cxd5 Nb5 33. Ke3 Ncd6 34.
Rac1 Rac8 35. f3 Nf7 36. Bf1 Ne5 37. Bb6 Rxc2 38. Rxc2 Rc8 39. Rxc8 Kxc8 40. Bc5
Kd7 41. Bf8 g6 42. Bc5 Nd6 43. Be2 Kc7 44. f4 gxf4+ 45. Kxf4 g5+ 46. Ke3 a5 47.
Bd4 b6 48. h4 gxh4 49. Kf4 a4 50. g5 a3 51. gxf6 Ndf7 52. Bd1 a2 53. Bb3 Kd6 54.
Bxa2 h3 55. Kg3 Ng5 56. Bb1 Kd7 57. Bxe5 Nf7 58. Bf4 b5 59. e5 Nd8 60. Bf5+ Ke8
61. e6 b4 62. Bg6+ 1-0